000 00792cam a2200205 4500
001 WB@3612-123
008 041004n2004 000 0 eng u
035 _a(Sirsi) u127620
245 _aProperty rich list 2004
260 _c2004
490 _aEstates Gazette
_v(440) 2 October 2004, 43 (1)
520 _aProperty remains the UK economy's wealthiest sector according to the "Estates Gazette's: rich list 2004" supplement. The list has 333 entries, whose combined real estate fortunes total more than £47bn. The entry point is now £10m. The giant of the sector remains the Duke of Westminster at £5.2bn.
590 _aWB
590 _aWB
650 _aREAL ESTATE
650 _aPROPERTY INVESTORS
650 _aRANKINGS
690 _aCOMMERCIAL PROPERTY
_96227
942 _n0
999 _c118118
_d118118